Modelo de alta frecuencia para descargas atmosféricas en transformadores de potencia tipo columna

Đã lưu trong:
Chi tiết về thư mục
Tác giả chính: Domínguez Herrera, Diego Armando, 1990-
Tác giả khác: Gómez Ramírez, Gustavo Adolfo Director del TFG
Định dạng: Sách
Ngôn ngữ:Spanish
Được phát hành: [San José ], Costa Rica 2016
Những chủ đề:
Các nhãn: Thêm thẻ
Không có thẻ, Là người đầu tiên thẻ bản ghi này!

MARC

LEADER 00000nam a22000007a 4500
003 012698
005 20230920083209.0
008 170928b2016 cr a|||| m||| 00| ||spa d
040 |c cru CEDI 
090 |a TFG 7849 
100 |a Domínguez Herrera, Diego Armando, 1990-  |9 1125 
245 |a Modelo de alta frecuencia para descargas atmosféricas en transformadores de potencia tipo columna  
260 |a [San José ], Costa Rica  |c 2016 
300 |a x, 78 hojas; ilustraciones a color 
500 |a Tesis (licenciatura en ingeniería eléctrica)--Universidad de Costa Rica. Facultad de Ingeniería. Escuela de Ingeniería Eléctrica 
501 |a Director de Tesis de Graduación: Msc. Gustavo A. Gómez Ramírez 
650 |x FENOMENOS TRANSITORIOS (ELECTRICIDAD)   |x TRANSFORMADORES ELECTRICOS - PRUEBAS  |x TRANSFORMADORES ELECTRICOS  |x DESCARGAS ELECTRICAS - PROTECCION - COSTA RICA   |9 9964 
700 |9 1564  |a Gómez Ramírez, Gustavo Adolfo  |d  Director del TFG 
942 |c CEDI 
999 |c 19031  |d 19031